00597nam a2200181Ia 450000500170000000800410001702000150005808200130007324500900008626000600017630000130023665000150024965000120026470000250027694200060030195200950030799900130040220240701070644.0240331s9999 xx 000 0 und d a0813206073 a100bPHI 4aThe philosophy oflmmanuel kant :bstudies in Philosophy and the History of Philosophy aAmericabThe Catholic University of America pressc1985 a256 p ., aphilosophy ahistory aKennington, R. eedt cL 001040708LaWERCLbWERCLcSSCd2024-03-31l0o 100 PHIp1172r2024-03-31w2024-03-31yL c693d693